Bookworm short stories 52

Bibliographic Details
Format: Book
Published: Singapore : Bookworm Publishing , 1993
Series:Bookworm
Subjects:

MARC

LEADER 00000cam a2200000 7i4500
001 0000008513
002 000009278
005 20011205.0
020 |a 9813023201 
090 0 0 |a JF   |b BOO 
245 1 0 |a Bookworm short stories 52 
260 |a Singapore :   |b Bookworm Publishing ,   |c 1993 
300 |a 75p. :   |b ill ;   |c 21c. 
490 0 |a Bookworm 
650 0 0 |a Children's stories 
999 |a 047091   |b BUKU   |c PINJAMAN   |e PERPUSTAKAAN KOMUNITI PETALING JAYA 
999 |a 047092   |b BUKU   |c PINJAMAN   |e PERPUSTAKAAN KOMUNITI PETALING JAYA 
999 |a 050807   |b BUKU   |c PINJAMAN   |e PERPUSTAKAAN KOMUNITI PETALING JAYA 
999 |a 050808   |b BUKU   |c PINJAMAN   |e PERPUSTAKAAN KOMUNITI PETALING JAYA